000 00775nam a2200265Ia 4500
005 20260302115921.0
008 008 260114s9999 xx 000 0 eng d
020 _a9798216963394
037 _aTextbook
040 _aCRL
040 _beng
040 _cCRL
041 _2eng
041 _aeng
084 _qCRL
100 _aCarla Lewandowski, Jeff Bumgarner
_91123064
245 0 _aCriminal Justice in America The Encyclopedia of Crime, Law Enforcement, Courts, and Corrections [Volume 1]
260 _bBloomsbury
260 _bBloomsbury Academic
260 _c2020
650 _aLaw
856 _uhttps://www.bloomsburycollections.com/encyclopedia-work?docid=HROCompleteABCCBC_reference_9798400633874
942 _cEBOOK
999 _c1687910
_d1687910